2025-2026 Miami Dolphins Roster - Statistics

General Stats
  • This quiz has been taken 69 times
  • The average score is 16 of 51
Answer Stats
Position Name % Correct
Quarterback Quinn Ewers
91%
Wide Receiver Jaylen Waddle
78%
Quarterback Zach Wilson
78%
Running Back De’Von Achane
75%
Wide Receiver Cedrick Wilson Jr.
69%
Tight End Julian Hill
69%
Running Back Ollie Gordon II
59%
Wide Receiver Malik Washington
53%
Wide Receiver Tahj Washington
50%
Running Back Jaylen Wright
47%
Safety Minkah Fitzpatrick
44%
Offensive Lineman Aaron Brewer
41%
Linebacker Bradley Chubb
41%
Linebacker Jordyn Brooks
41%
Offensive Lineman Patrick Paul
41%
Defensive Lineman Zach Sieler
41%
Cornerback Jack Jones
38%
Tight End Greg Dulcich
34%
Placekicker Riley Patterson
34%
Linebacker Chop Robinson
31%
Linebacker Tyrel Dodson
31%
Offensive Lineman Austin Jackson
28%
Punter Jake Bailey
28%
Offensive Lineman Jonah Savaiinaea
28%
Defensive Lineman Kenneth Grant
28%
Safety Ashtyn Davis
25%
Quarterback Cam Miller
25%
Cornerback Ethan Bonner
25%
Cornerback Ethan Robinson
25%
Cornerback Rasul Douglas
25%
Linebacker Willie Gay Jr.
25%
Offensive Lineman Cole Strange
22%
Wide Receiver Nick Westbrook-Ikhine
22%
Defensive Lineman Zeek Biggers
22%
Safety Dante Trader Jr.
19%
Safety Ifeatu Melifonwu
19%
Offensive Lineman Larry Borom
19%
Cornerback Jason Marshall Jr.
16%
Linebacker K.J. Britt
16%
Wide Receiver Theo Wease Jr.
13%
Long Snapper Joe Cardona
9%
Quarterback Tua Tagavailoa
9%
Linebacker Cameron Goode
6%
Offensive Lineman Daniel Brunskill
6%
Offensive Lineman Kendall Lamm
6%
Offensive Lineman Andrew Meyer
3%
Running Back Donovan Edwards
3%
Linebacker Jackson Woodard
3%
Defensive Lineman Matthew Butler
3%
Linebacker Quinton Bell
3%
Fullback Alec Ingoid
0%
No matching quizzes found
Score Distribution
Percent of People with Each Score
Percentile by Number Answered
Your Score History
You have not taken this quiz